Избранные рассказы (Бичлэгийн дугаар. 147013)
| 000 -УДИРДЛАГА | |
|---|---|
| Удирдлага | 01339nam a22002657a 4500 |
| 003 - ХЯНАЛТЫН ТОО ТОДОРХОЙЛОГЧ | |
| Код | MN-UlNUM |
| 005 - БИЧИЛТ ХИЙСЭН ОГНОО | |
| Тухайн бичилтийг бичсэн засварласан сүүлийн огноо | 20260409161132.0 |
| 008 - ЕРӨНХИЙ МЭДЭЭЛЭЛ | |
| Ерөнхий мэдээлэл | 260409s2002 ru ||||| |||| 00| 0 rus d |
| 020 ## - ISBN | |
| ISBN | 5050063854 |
| 040 ## - БИЧЛЭГ ҮҮСГЭГЧ БАЙГУУЛЛАГА | |
| Бичлэг үүсгэгч номын сангийн код | МУИС-ийн номын сан |
| 084 ## - ББК АНГИЛАЛ | |
| Нэмэлт тусгалт | Бусад |
| ББК ангилал | 84(2)-7 |
| Зохиогчийн гурван тэмдэгт | С 12 |
| Мэдлэгийн ялгаа | 84 - Уран зохиол |
| 100 1# - ЗОХИОГЧ | |
| Зохиогчийн нэр | Сароян, Уильям |
| 245 1# - ҮНДСЭН ГАРЧИГ | |
| Номын нэр | Избранные рассказы |
| Бага гарчгийн мэдээ | Сборник |
| 260 ## - ГАРАЛТЫН МЭДЭЭ | |
| Хэвлэгдсэн газар | Москва |
| Хэвлэлийн газар | Издательство |
| Хэвлэгдсэн он | 2002 |
| 300 ## - МАТЕРИАЛЫН ТОДОРХОЙЛОЛТ | |
| хуудасны тоо | 368с. ; |
| 500 ## - Тайлбар | |
| Дансны дугаар | БС 675 |
| 546 ## - ХЭЛНИЙ ТУХАЙ МЭДЭЭ | |
| Хэл | Англи хэл дээр, |
| 740 ## - НОМЫН ГАРЧИГ | |
| Гарчиг | Harry |
| 740 ## - НОМЫН ГАРЧИГ | |
| Гарчиг | Laughter |
| 740 ## - НОМЫН ГАРЧИГ | |
| Гарчиг | Dear Greta Garbo |
| 740 ## - НОМЫН ГАРЧИГ | |
| Гарчиг | The Man with the Heart in the Highlands |
| 942 ## - ЭЛЕМЕНТИЙН ТӨРӨЛ | |
| Зүйлийн төрөл | Ном |
